00520nam a22001697a 450000500170000001000150001702000260003203500140005803700130007208200100008510000170009524500730011226000400018527000550022530000200028050000500030020190520150824.0 aENG-125238 a9788131608876c795.00 aEN-108770 bDBAD/PUB a808.9 aHumm, Maggie aFeminist criticism :cby Maggie Hummbwomen as contemporary critics/ aNew DelhibRawat Publicationsc2017 a4858/24, Ansari Road, DaryaganjbNew Delhie110002 a218p.c23cm(Hb) aIncludes bibliographical references and index